| 000 | 01426cam a2200325Ia 4500 | ||
|---|---|---|---|
| 001 | 56376 | ||
| 005 | 20230410103521.0 | ||
| 008 | 070927s2007 dr a 001 0 spa d | ||
| 035 | _a(OCoLC)ocn224021294 | ||
| 020 | _a9945140000 | ||
| 020 | _a9789945140002 | ||
| 035 | _a(OCoLC)224021294 | ||
| 050 | 1 | 4 |
_a118 PQ 7409 _bH519p 2007 |
| 082 | 0 | 0 | _a864.5 |
| 100 | 1 |
_aHenríquez Ureña, Pedro, _d1884-1946. |
|
| 245 | 1 | 0 |
_aPedro Henríquez Ureña : _bantología hemerográfica de un humanista inolvidable / _cpresentación, compilación y notas de Cándido Gerón. |
| 260 |
_aSanto Domingo : _bEditora Centenario, _c[2007] |
||
| 300 |
_a483 p. : _bill. ; _c23 cm. |
||
| 504 | _aIncludes bibliographical references and index. | ||
| 505 | 0 | _aArtículos, ensayos, poemas y traducción de Pedro Henríquez Ureña (1907-1933) -- Correspondencia de Pedro Henríquez Ureña (1915-1945) -- Artículos y ensayos sobre Pedro Henríquez Ureña (1946-1984). | |
| 600 | 1 | 0 |
_aHenríquez Ureña, Pedro, _d1884-1946 _vCorrespondence. |
| 600 | 1 | 0 |
_aHenríquez Ureña, Pedro, _d1884-1946 _xCriticism and interpretation. |
| 600 | 1 | 0 |
_aHenriquez Urena, Pedro, _y1884-1946 _xCorrespondencia, memorias, etc. |
| 650 | 4 | _aEnsayos dominicanos | |
| 700 | 1 |
_aGerón, Cándido, _d1950- |
|
| 856 | 4 | 2 |
_3Más?... busque en WorldCat (solo desde FUNGLODE) _uwww.firstsearch.oclc.org/fsip |
| 942 |
_2lcc _cbk |
||
| 946 | _amfcruz | ||
| 994 |
_aC0 _bDRFGD |
||
| 999 |
_c20377 _d20377 |
||